CS:GO: Every professional player: Nightmare edition - Statistics

General Stats
  • This quiz has been taken 31 times
    12 since last reset
  • The average score is 189 of 1225
Answer Stats
amount nationality Answer % Correct
87 Slovakia GuardiaN
88%
5 Lithuania jL
88%
97 France apEX
75%
33 Latvia broky
75%
13 China captainMo
75%
28 Slovakia frozen
75%
20 Russia m0NESY
75%
79 Canada NAF
75%
3 Poland phr
75%
59 Estonia ropz
75%
75 Ukraine s1mple
75%
1 Mongolia 910
63%
23 Ukraine b1t
63%
63 Poland byali
63%
61 Netherlands chrisJ
63%
111 Denmark dupreeh
63%
86 Sweden f0rest
63%
90 Brazil FalleN
63%
79 Brazil fer
63%
23 Brazil fnx
63%
28 Brazil HEN1
63%
6 Romania iM
63%
19 South Africa JT
63%
1 United Kingdom JT
63%
118 Denmark karrigan
63%
15 Poland MICHU
63%
73 Poland NEO
63%
7 Israel Nertz
63%
80 Bosnia and Herzegovina NiKo
63%
26 Denmark niko
63%
69 Poland pashaBiceps
63%
24 Kazakhstan qikert
63%
5 Poland siuhy
63%
65 Poland Snax
63%
33 Denmark stavn
63%
61 United States Stewie2k
63%
45 Germany tabseN
63%
67 Poland TaZ
63%
7 Mongolia Techno4K
63%
34 Sweden twist
63%
70 Canada Twistzz
63%
18 Turkey XANTARES
63%
21 Latvia YEKINDAR
63%
1 Brazil adr
50%
46 Kazakhstan AdreN
50%
23 United States adreN
50%
1 France alecks
50%
29 Finland Aleksib
50%
55 Finland allu
50%
18 France AmaNEk
50%
52 United States autimatic
50%
19 Russia Ax1Le
50%
7 Mongolia bLitz
50%
20 Russia Boombl4
50%
2 Jordan BOROS
50%
7 Lithuania Bymas
50%
45 Denmark cadiaN
50%
14 Turkey Calyx
50%
36 Bulgaria CeRq
50%
70 Brazil coldzera
50%
98 Denmark dev1ce
50%
27 Australia dexter
50%
1 Kyrgyzstan DiE
50%
3 Russia Dima
50%
52 Russia Dosia
50%
19 Poland dycha
50%
49 Russia electroNic
50%
86 United States EliGE
50%
17 Israel flameZ
50%
66 Russia flamie
50%
79 Sweden flusha
50%
80 Sweden GeT_RiGhT
50%
76 Denmark gla1ve
50%
19 United States Grim
50%
13 Poland hades
50%
57 France Happy
50%
33 United States Hiko
50%
40 Kazakhstan HObbit
50%
16 Australia INS
50%
5 Brazil insani
50%
20 Denmark Jabbi
50%
25 Russia Jame
50%
2 Finland Jimpphat
50%
54 Australia jks
50%
3 Kosovo juanflatroo
50%
86 Sweden JW
50%
84 France kennyS
50%
59 France kioShiMa
50%
59 Denmark Kjaerbye
50%
15 Germany Krimbo
50%
91 Sweden KRiMZ
50%
25 Brazil KSCERATO
50%
2 Brazil Lucky
50%
5 Denmark Lucky
50%
9 France Lucky
50%
2 Norway maak
50%
1 India MaD
50%
15 Montenegro maden
50%
72 Denmark Magisk
50%
8 Russia magixx
50%
12 Turkey MAJ3R
50%
3 France Maka
50%
4 Guatemala malbsMd
50%
24 Kazakhstan mou
50%
1 Mongolia mzinho
50%
81 France NBK-
50%
32 Germany nex
50%
23 Serbia nexa
50%
86 Sweden olofmeister
50%
1 philippines Pro.
50%
43 Sweden pronax
50%
94 Norway rain
50%
3 Switzerland rigoN
50%
52 France RpK
50%
47 United States RUSH
50%
7 Uzbekistan SANJI
50%
49 Belgium ScreaM
50%
14 Ukraine sdy
50%
19 Russia sh1ro
50%
89 France shox
50%
3 Kosovo sinnopsyy
50%
27 Denmark Sjuush
50%
58 United States Skadoodle
50%
36 Denmark Snappi
50%
10 South Africa Sonic
50%
21 Israel Spinx
50%
2 Canada stan
50%
14 Spain SunPayus
50%
72 Brazil TACO
50%
68 United States tarik
50%
29 Denmark TeSeS
50%
1 Thailand TOR
50%
13 Hungary torzsi
50%
5 Ukraine w0nderful
50%
1 Turkey Wicadia
50%
25 Turkey woxic
50%
9 Israel xertioN
50%
109 Denmark Xyp9x
50%
25 Brazil yuurih
50%
65 Ukraine Zeus
50%
39 France ZywOo
50%
1 China AE
38%
13 Finland Aerial
38%
10 Spain ALEX
38%
17 United Kingdom ALEX
38%
25 Brazil arT
38%
18 China Attacker
38%
20 Ukraine B1ad3
38%
24 Denmark blameF
38%
18 Indonesia BnTeT
38%
46 Brazil boltz
38%
7 Brazil brnz4n
38%
4 Denmark Bubzkji
38%
23 Kazakhstan buster
38%
74 Denmark cajunb
38%
14 Russia chopper
38%
1 United Kingdom CYPHER
38%
10 United States DaZeD
38%
13 Russia degster
38%
9 France DEVIL
38%
11 Sweden Devilwalk
38%
3 France devoduvek
38%
9 Australia DickStacy
38%
5 Sweden disco doplan
38%
17 Sweden draken
38%
70 Ukraine Edward
38%
45 Belgium Ex6TenZ
38%
7 Russia fame
38%
36 Brazil felps
38%
14 Russia FL1T
38%
19 Portugal fox
38%
2 Russia Fox
38%
68 Sweden friberg
38%
23 Sweden Golden
38%
20 New Zealand Gratisfaction
38%
9 Norway hallzerk
38%
18 Denmark HooXi
38%
34 Bosnia and Herzegovina huNter-
38%
11 Russia interz
38%
13 Jordan ISSAA
38%
25 France JACKZ
38%
10 Germany JDC
38%
32 United States jdm64
38%
1 China Jee
38%
46 Norway jkaem
38%
20 Denmark JUGi
38%
54 Denmark k0nfig
38%
15 Germany k1to
38%
5 Poland KEi
38%
8 France KQLY
38%
5 Poland Kylar
38%
15 Germany LEGIJA
38%
29 Australia Liazz
38%
21 Sweden Maikelele
38%
6 Poland / United Kingdom mantuu
38%
7 Mexico MarkE
38%
33 Ukraine markeloff
38%
13 United Kingdom mezii
38%
1 Poland mhL
38%
5 Portugal MUTiRiS
38%
5 Russia n0rb3r7
38%
16 Russia nafany
38%
3 Russia NickelBack
38%
15 Denmark Nico
38%
21 United States Nifty
38%
81 United States nitr0
38%
5 Ukraine npl
38%
6 United States oBo
38%
29 Czechia oskar
38%
25 Russia Perfecto
38%
7 Sweden pita
38%
15 Denmark refrezh
38%
53 Sweden REZ
38%
10 Australia Rickeh
38%
15 Brazil saffee
38%
2 Finland sAw
38%
13 Finland sergej
38%
21 United States ShahZaM
38%
38 Canada shroud
38%
5 Germany slaxz-
38%
10 United Kingdom smooya
38%
8 Denmark Staehr
38%
39 Canada stanislaw
38%
26 Brazil steel
38%
12 Canada Steel
38%
28 Finland suNny
38%
16 United States swag
38%
16 Germany syrsoN
38%
11 Poland SZPERO
38%
2 Canada TenZ
38%
23 Russia WorldEdit
38%
81 Sweden Xizt
38%
14 Finland xseveN
38%
7 Slovakia Zero
38%
1 India Ace
25%
15 China advent
25%
4 France afro
25%
1 Portugal Ag1l
25%
62 Denmark aizy
25%
15 Australia aliStair
25%
2 Russia almazer
25%
41 Ukraine ANGE1
25%
1 Portugal arrozdoce
25%
14 Canada AZK
25%
41 Australia AZR
25%
2 Russia balblna
25%
7 Brazil biguzera
25%
2 Brazil BIT
25%
37 France bodyy
25%
25 Ukraine bondik
25%
2 Denmark br0
25%
43 United States Brehze
25%
34 Sweden Brollan
25%
4 Argentina buda
25%
5 Ukraine ceh9
25%
16 Brazil chelo
25%
3 Ukraine COLDYY1
25%
6 Ukraine crush
25%
31 Canada daps
25%
5 Chile dav1deuS
25%
8 Russia DavCost
25%
15 China DD
25%
12 Hungary DeadFox
25%
6 Sweden Delpan
25%
30 Germany denis
25%
42 Sweden dennis
25%
1 Brazil DeStiNy
25%
3 Kazakhstan dimasick
25%
5 Finland disturbed
25%
1 France Djoko
25%
3 Finland doto
25%
15 Brazil drop
25%
3 Russia El1an
25%
7 Serbia emi
25%
1 China EmiliaQAQ
25%
3 Lithuania EspiranTo
25%
31 United States Ethan / nahtE
25%
1 Portugal ewjerkz
25%
1 France Ex3rcice
25%
15 Brazil exit
25%
3 Russia facecrack
25%
9 Netherlands FASHR
25%
15 Germany faveN
25%
15 Denmark FeTiSh
25%
23 Sweden Fifflaren
25%
9 Kazakhstan fitch
25%
19 United States floppy
25%
22 Canada FNS
25%
4 Russia Forester
25%
10 Poland Furlan
25%
26 Germany gob b
25%
6 Poland Goofy
25%
6 Poland GruBy
25%
3 Kosovo gxx-
25%
19 Sweden hampus
25%
20 United States hazed
25%
8 Canada HexT
25%
1 Brazil history
25%
1 Brazil honda
25%
9 Russia hooch
25%
9 Denmark HUNDEN
25%
5 Russia hutji
25%
2 Germany hyped
25%
3 Poland Hyper
25%
1 Russia iDISBALANCE
25%
4 Turkey imoRR
25%
9 Poland innocent
25%
5 Sweden isak
25%
5 China JamYoung
25%
1 Romania jasoN
25%
3 Canada jasonR
25%
5 Russia Jerry
25%
5 Russia jmqa
25%
9 Brazil JOTA
25%
5 Ukraine jR
25%
5 United States junior
25%
2 Mongolia kabal
25%
1 Russia KENSi
25%
7 Belgium Keoz
25%
2 Russia keshandr
25%
6 Russia kibaken / tonyblack
25%
1 Russia kinqie
25%
14 Brazil kNgV-
25%
11 United States koosta
25%
6 Russia Krad
25%
3 Poland kRaSnaL
25%
6 Kazakhstan KrizzeN
25%
6 Poland kuben
25%
17 Russia kUcheR
25%
3 Lithuania Kvik
25%
5 France Kyojin
25%
4 North Macedonia kyxsan
25%
38 Sweden Lekr0
25%
2 Sweden LNZ
25%
4 Brazil Lucaozy
25%
26 Brazil LUCAS1
25%
1 Brazil lux
25%
2 Mongolia Machinegun
25%
23 Switzerland Maniac
25%
3 Spain Martinez
25%
8 Uruguay max
25%
1 Brazil mch
25%
2 China Mercury
25%
12 Russia mir
25%
10 France misutaaa
25%
24 Spain mixwell
25%
2 China Moseyuh
25%
11 Poland mouz
25%
56 Denmark MSL
25%
5 Poland mynio
25%
46 United States n0thing
25%
5 Denmark NaToSaphiX
25%
7 Finland natu
25%
6 Sweden nawwk
25%
11 Kazakhstan neaLaN
25%
11 Brazil NEKIZ
25%
10 Denmark nicoodoz
25%
2 Brazil nqz
25%
24 United States oSee
25%
2 Finland ottoNd
25%
10 Russia Patsi
25%
20 Sweden Plopski
25%
7 Bulgaria poizon
25%
1 United Kingdom pt
25%
12 United States ptr
25%
22 Sweden pyth
25%
1 China qz
25%
2 Russia r3salt
25%
4 Bulgaria Rainwaker
25%
12 Poland rallen
25%
2 Kazakhstan Ramz1k
25%
3 Romania regali
25%
19 United States reltuC
25%
14 Denmark roeJ
25%
1 Belarus roman
25%
26 Norway RUBINO
25%
3 Denmark ruggah
25%
4 Russia S0tF1k
25%
6 Russia S1ren
25%
60 Russia seized
25%
3 Russia shalfey
25%
8 Ukraine Shara
25%
3 Brazil skullz
25%
59 France SmithZz
25%
4 Poland snatchie
25%
1 Thailand som
25%
1 Belarus spaz
25%
2 Russia spaze
25%
1 Russia speed4k
25%
8 Australia SPUNJ
25%
17 Ukraine starix
25%
1 China Starry
25%
3 Finland stonde
25%
1 Portugal story
25%
27 Slovakia STYKO
25%
14 China Summer
25%
1 Azerbaijan t0rick
25%
2 United Kingdom Thomas
25%
4 Argentina try
25%
3 Russia ub1que
25%
1 Poland ultimate
25%
7 France Uzzziii
25%
34 Denmark valde
25%
7 Australia vexite
25%
19 Brazil VINI
25%
4 Romania / United Kingdom volt
25%
4 Russia waterfaLLZ
25%
11 Russia waylander
25%
8 Finland xartE
25%
11 Indonesia xccurate
25%
2 Russia xsepower
25%
7 Brazil yeL
25%
5 Brazil zews
25%
17 Sweden znajder
25%
7 Brazil zqk
25%
1 Sweden ztr
25%
4 Argentina 1962
13%
2 United States abE
13%
5 Brazil ableJ
13%
16 Denmark AcilioN
13%
10 Denmark acoR
13%
1 Romania adamS
13%
1 Hong Kong AJ
13%
2 Germany alexRr
13%
2 Denmark Altekz
13%
8 Canada ANDROID
13%
14 United States anger
13%
5 Mongolia ANNIHILATION
13%
4 Ukraine arch
13%
2 South Korea Argency
13%
6 United States arya
13%
2 Australia asap
13%
2 India astaRR
13%
9 China aumaN
13%
1 Sweden b0denmaster
13%
8 Denmark b0RUP
13%
4 Brazil b4rtiN
13%
4 Mongolia Bart4k
13%
1 United States ben1337
13%
1 Sweden BENDJI
13%
4 Denmark BERRY
13%
3 Australia BL1TZ
13%
3 South Africa bLacKpoisoN
13%
8 Bulgaria bubble
13%
7 Denmark Buzz
13%
4 North Macedonia CacaNito
13%
1 South Africa Cent
13%
3 Norway centeks
13%
1 Russia Certus
13%
2 New Zealand chelleos
13%
2 Denmark coloN
13%
6 United States Cooper-
13%
4 Netherlands CRUC1AL
13%
1 Belarus CyberFocus
13%
4 Sweden cype
13%
2 China DANK1NG
13%
7 Spain dav1g
13%
4 Canada DAVEY
13%
6 Spain DeathZz
13%
3 Ukraine DemQQ
13%
9 United Kingdom dephh
13%
1 Belarus dERZKIY
13%
4 United States desi
13%
4 South Africa Detrony
13%
2 South Africa deviaNt
13%
5 Uruguay dgt
13%
2 Canada djay
13%
1 Sweden Dumas
13%
7 Brazil dumau
13%
7 Australia emagine
13%
5 Sweden emilio
13%
6 Mongolia erkaSt
13%
27 Denmark es3tag
13%
4 Denmark EXR
13%
14 Poland F1KU
13%
2 Ukraine F1L1N
13%
11 Canada FaNg
13%
6 Denmark farlig
13%
3 Estonia FejtZ
13%
8 Germany fel1x
13%
1 Ukraine fix
13%
1 United States fl0m
13%
1 Latvia Flarich
13%
1 China Fog
13%
21 United States fREAKAZOiD
13%
15 Hong Kong Freeman
13%
25 Denmark Friis
13%
1 United States fRoD
13%
1 Libya FROST
13%
34 United States FugLy
13%
5 France fxy0
13%
20 Denmark gade
13%
10 France GMX
13%
1 Turkey hardstyle
13%
8 Brazil hardzao
13%
4 France HaRts
13%
3 Mongolia hasteka
13%
9 Australia hatz
13%
8 Australia Havoc
13%
2 Australia HaZR
13%
8 Ukraine headtr1ck
13%
1 Finland hoody
13%
5 Estonia HS
13%
8 South Korea HSK
13%
1 Russia Ima
13%
4 France ioRek
13%
3 Australia James
13%
6 Brazil jnt
13%
1 Finland Juhob
13%
1 Finland Juhob
13%
2 Portugal JUST
13%
2 Russia KaiR0N-
13%
1 United Arab Emirates KarriBob
13%
1 China Karsa
13%
4 Serbia kassad
13%
11 Malaysia kaze
13%
1 Kazakhstan keeN
13%
4 Germany keev
13%
3 Denmark kevve
13%
5 Finland KHRN
13%
1 Brazil KHTEX
13%
3 United States kiko
13%
1 Russia Koshak
13%
1 Sweden kreaz
13%
13 Germany kRYSTAL
13%
3 Kazakhstan Lack1
13%
6 Brazil latto
13%
4 Romania lauNX
13%
2 Japan Laz
13%
5 Brazil leo_drk
13%
3 Serbia LETN1
13%
4 United States LeX
13%
2 Australia Liki
13%
3 Denmark LOMME
13%
7 Poland Loord
13%
4 China LOVEYY
13%
18 Spain loWel
13%
5 Argentina Luken
13%
1 Mongolia maaRaa
13%
14 Australia Malta
13%
1 Denmark maNkz
13%
1 Canada MARIO
13%
2 Luxembourg Marix
13%
1 Sweden maxster
13%
1 United Kingdom MiGHTYMAX
13%
1 Turkey mini
13%
9 Poland MINISE
13%
26 Sweden MODDII
13%
1 Norway moen
13%
9 Spain mopoz
13%
1 United States moses
13%
2 Poland MWLKY
13%
2 Brazil nak
13%
2 Finland naSu
13%
12 Czechia NEOFRAG
13%
8 Turkey ngiN
13%
1 Argentina nhl
13%
1 Mongolia nin9
13%
1 Denmark Nodios
13%
1 Russia Norwi
13%
6 Lithuania nukkye
13%
2 Poland OLIMP
13%
1 Kyrgyzstan pachanga
13%
1 Ukraine Pancher
13%
10 Turkey paz
13%
4 Poland peet
13%
4 Sweden phzy
13%
32 Denmark Pimp
13%
8 Brazil PKL
13%
8 Norway Polly
13%
1 Lithuania pounh
13%
4 Norway prb
13%
3 United States Professor_Chaos
13%
3 Germany prosus
13%
1 United States PwnAlone
13%
2 Germany r0bs3n
13%
6 Denmark raalz
13%
1 Brazil realziN
13%
1 United States reck
13%
4 Finland REFLEX
13%
4 Portugal rmn
13%
3 Sweden robiin
13%
1 Belarus ROBO
13%
1 Argentina rox
13%
5 United States s0m
13%
3 Germany s1n
13%
1 Austria S3NSEY
13%
1 Spain sausol
13%
1 Canada saV
13%
2 Australia SaVage
13%
7 China Savage
13%
2 Ukraine scoobyxie
13%
32 United States seang@res
13%
20 Canada Semphis
13%
3 Kosovo SENER1
13%
7 France Sf
13%
4 Bulgaria SHiPZ
13%
9 Brazil SHOOWTiME
13%
10 United States SicK
13%
2 Colombia sickLy
13%
20 New Zealand sico
13%
16 France SIXER
13%
4 Mongolia sk0R
13%
10 Sweden SKYTTEN
13%
1 Finland sLowi
13%
3 China SLOWLY
13%
7 Denmark smF
13%
3 Ukraine smike
13%
1 Kyrgyzstan SNk
13%
4 Australia SnypeR
13%
5 South Korea solo
13%
27 China somebody
13%
1 Netherlands spartacus
13%
26 Germany Spiidi
13%
1 Russia spiker
13%
1 Portugal stadodo
13%
6 Germany stavros
13%
4 New Zealand sterling
13%
7 Canada Subroza
13%
3 United Kingdom Surreal
13%
1 Russia svyat
13%
3 United States Swisher
13%
1 South Africa T.c
13%
16 Denmark tenzki
13%
29 Germany tiziaN
13%
2 United States TM
13%
4 Singapore Tommy
13%
3 Australia TopguN
13%
4 Denmark trace
13%
7 Germany Troubley
13%
10 Brazil Tuurtle
13%
2 Norway ultra
13%
19 Australia USTILO
13%
8 Bulgaria v1c7oR
13%
1 Poland Vegi
13%
4 United States vice
13%
5 Brazil v$m
13%
2 United States Volcano
13%
2 Canada Walco
13%
1 China westmelon
13%
4 United States wiz
13%
1 United States Wolfy
13%
4 Brazil WOOD7
13%
3 Ukraine Woro2k
13%
3 Brazil xand
13%
1 Romania XELLOW
13%
5 Sweden xelos
13%
2 Turkey xfl0ud
13%
7 France xms
13%
9 Australia Yam
13%
5 United States yay
13%
4 Serbia YNk
13%
1 Belgium YOUYOU
13%
1 China z4kr
13%
2 Brazil zakk
13%
2 United Kingdom ZED
13%
3 Finland zehN
13%
2 Sweden zende
13%
5 Norway zEVES
13%
4 Brazil zevy
13%
15 China zhokiNg
13%
3 Mongolia Zilkenberg
13%
1 Russia zoneR
13%
2 Finland ZOREE
13%
3 Russia zorte
13%
5 Denmark Zyphon
13%
1 China 0i
0%
1 China 18yM
0%
1 Serbia 1NTEL
0%
1 China 4king
0%
2 Malaysia acAp
0%
1 Germany aciD68
0%
2 Australia ADK
0%
1 Spain Aguila
0%
2 Malaysia aimaNNN
0%
1 Belarus aka
0%
1 France akeR
0%
1 Japan akioni
0%
1 Indonesia alessa
0%
1 Norway aNdz
0%
1 Denmark AnJ
0%
1 Australia ap0c
0%
2 Australia apoc
0%
1 United States applesauce
0%
2 Germany approx
0%
1 France arK94
0%
8 Germany asmo
0%
1 France atLaNtis
0%
1 Sweden atter
0%
1 Tunisia Attiaz
0%
1 Algeria ATTILA
0%
1 Algeria AudiovisioN
0%
1 Malaysia Avirity
0%
2 China ayaya
0%
1 Germany b0Fr0sTm4NN
0%
1 France B1GGY
0%
1 Romania backoff
0%
1 Sweden BARBARR
0%
2 Japan barce
0%
1 Romania barichello
0%
2 Sweden barsiC
0%
3 Norway base
0%
5 Singapore benkai
0%
3 Sweden berg
0%
2 Bulgaria blocker
0%
2 Mexico Blue
0%
1 Thailand bnwGiggs
0%
1 Singapore Bobosaur
0%
1 philippines BORKUM
0%
5 China bottle
0%
1 United Arab Emirates breAker
0%
1 Brazil bt0
0%
1 Romania BTN
0%
1 Australia BURNRUOk
0%
1 Australia busta
0%
1 United States Bwills
0%
1 Brazil caike
0%
1 United States cam
0%
1 Canada cardiac
0%
1 Poland casey
0%
1 Sweden cayzer
0%
1 Thailand cbbk
0%
3 Norway cENTRYZ
0%
1 Germany CHEF-KOCH
0%
1 Estonia cheti
0%
1 Algeria Chiheb
0%
1 Japan chocoLe
0%
1 Mexico chuti
0%
1 United States cJ
0%
1 United States clowN
0%
3 Germany cLy
0%
1 Portugal coachi
0%
3 Brazil cogu
0%
1 Canada CoNnOrRr93
0%
1 United States crashies
0%
1 Romania CRAZY
0%
5 Germany crisby
0%
4 Norway cromen
0%
2 Japan crow
0%
2 Guatemala cruzN
0%
1 United States cynic
0%
1 Malaysia d4v41
0%
2 Sweden dalito
0%
1 United Kingdom danielsan
0%
1 Romania DaNy
0%
4 United States dapr
0%
2 Hong Kong Darkkis
0%
1 Ukraine DarkS1DE
0%
3 Colombia Daveys
0%
1 Belgium davidp
0%
2 United States dazzLe
0%
1 United States dboorN
0%
1 Portugal DDias
0%
1 United Kingdom decclan
0%
1 Brazil delboNi
0%
2 Turkey DESPE
0%
1 China DeStRoYeR
0%
1 Serbia DiMKE
0%
4 Germany disruptor
0%
1 United States dizzaman
0%
1 China dmm
0%
1 India dnm
0%
1 South Africa Domsterr
0%
1 Denmark dragoNfly
0%
1 China Drea3er
0%
1 Kazakhstan dreaM
0%
4 Bulgaria dream3r
0%
2 Spain drifking
0%
1 Canada dsr
0%
1 Libya DzekO
0%
1 Brazil dzt
0%
1 Spain EasTor
0%
1 China ECOKING
0%
2 China ed101
0%
1 Tunisia edge
0%
1 Indonesia Eeyore
0%
1 Canada effys
0%
3 Sweden eksem
0%
1 United States Eley
0%
2 Canada els
0%
3 South Africa ELUSIVE
0%
1 Portugal emotioN
0%
1 France Enjoy
0%
2 China equal
0%
1 China EXPRO
0%
2 United States ezpk
0%
1 Brazil f4stzin
0%
2 South Africa Fadey
0%
1 Sweden fAERSKA
0%
2 Finland fAlsu
0%
3 China fancy1
0%
1 Kazakhstan fANTASTIKA
0%
1 Belgium FARIS
0%
2 United Kingdom FearLess
0%
1 Libya Fed
0%
1 Chile feLiZnOJkE
0%
2 Netherlands ferrid
0%
1 Chile FiReMaNNN
0%
1 South Africa Flarez
0%
1 Australia flickz
0%
4 Spain FlipiN
0%
6 United States flowsicK
0%
1 Indonesia fLx
0%
1 China flying
0%
4 United States food
0%
1 China forget
0%
1 Thailand foxz
0%
4 Sweden freddieb
0%
2 Indonesia FrostMisty
0%
4 United States frozt
0%
1 Canada fruit
0%
5 France Fuks
0%
1 Romania funkylicious
0%
1 Thailand Geniuss
0%
1 Netherlands gerrah
0%
1 Romania GetOnSenne
0%
5 South Korea glow
0%
1 China Gn
0%
2 South Africa Golz
0%
1 Mexico Gonnak
0%
1 Denmark gravityy
0%
1 Argentina guishorro
0%
1 Spain hAdEr
0%
6 France hAdji
0%
1 Romania HARUKI
0%
1 Denmark Herden
0%
1 Japan himajun
0%
1 Sweden hMp
0%
1 China hoag
0%
1 Sweden hoddi
0%
2 Brazil horvy
0%
3 United Kingdom hudzG
0%
2 United Kingdom Hughsy
0%
1 United States Hydrex
0%
2 Sweden hydrox
0%
7 China HZ
0%
1 India iBRA
0%
3 Brazil iDk
0%
5 Singapore ImpressioN
0%
2 Serbia Impulse
0%
1 Romania i'm still fly
0%
2 United States Infinite
0%
1 Australia InfrequeNt
0%
1 Germany InkOgNitro
0%
1 Portugal iNsideR
0%
1 Spain iRene
0%
1 United States Irukandji
0%
1 Poland iso
0%
1 Romania JAGUAR
0%
1 United Kingdom jakem
0%
1 Romania jaxi
0%
1 China Jaybk
0%
1 Sweden Jayzwalkingz
0%
1 Poland jedqr
0%
1 Hong Kong JeffVanB
0%
2 United States Jeorge
0%
1 China JeXeN
0%
1 France JiNKZ
0%
1 United States jmitchell
0%
4 Canada Jonji
0%
1 Libya josh
0%
1 Sweden juliano
0%
3 Sweden Jumpy
0%
1 Spain JuShTo
0%
2 United States juv3nile
0%
4 Serbia k1Ng0r
0%
2 Mexico k1Nky
0%
1 United States kaboose
0%
5 Spain Kairi
0%
2 Netherlands kajsk1ng
0%
1 Norway kalsa
0%
1 Kyrgyzstan kamaz1k
0%
2 France Kan4
0%
1 Slovakia kap1
0%
1 Poland Kap3r
0%
1 Hong Kong karson
0%
1 South Korea kAyle
0%
1 Romania keemo
0%
1 philippines kenzyy
0%
1 Sweden khobra
0%
1 Sweden Khrispy
0%
2 Portugal KillDreaM
0%
1 Romania kinder
0%
5 Germany Kirby
0%
1 United Arab Emirates kitkat
0%
1 Canada knc1
0%
2 Thailand Kntz
0%
1 France knukk
0%
1 Hong Kong krbl
0%
1 Germany kressy
0%
2 India kriSSh
0%
1 Romania KrT
0%
1 Canada krZ
0%
1 Portugal kst
0%
1 Germany kumi
0%
1 Denmark kwezz
0%
1 Germany kzy
0%
1 Serbia Lacore
0%
1 France Lambert
0%
1 China Lamplight
0%
1 Brazil land1n
0%
1 Poland Layner
0%
1 Thailand Leaf
0%
1 Poland leman
0%
4 Sweden lidde
0%
2 South Africa LighteRTZ
0%
1 Sweden lillsan
0%
3 Canada LILMAN
0%
1 Mexico Link
0%
1 France liptoN
0%
1 Chile L!nKz^
0%
2 France logaN
0%
2 New Zealand LONS
0%
1 France LoWkii
0%
1 Germany luckeRRR
0%
1 Netherlands luosrevo
0%
2 United States m0E
0%
1 Sweden madman
0%
1 Turkey Maiko
0%
2 United States MAiNLiNE
0%
2 Thailand MAIROLLS
0%
1 Algeria Malikof
0%
3 Brazil Maluk3
0%
1 Taiwan Marek
0%
1 Portugal marq
0%
1 Sweden marvel
0%
4 France matHEND
0%
1 France Max0b
0%
2 Sweden MaxAki
0%
1 Canada maxmeister
0%
1 Romania mdaaa
0%
1 Spain meisoN
0%
5 Denmark mertz
0%
1 Libya merydith
0%
1 Belgium MetaL
0%
7 Argentina meyern
0%
1 China MhBICEPS
0%
2 United States Michael3D
0%
2 Netherlands mikeS
0%
1 United States minikerr
0%
1 Bulgaria minko
0%
1 Germany mirbit
0%
1 South Africa MisteM
0%
1 France mistou
0%
3 United States mitch
0%
2 India MithilF
0%
1 Australia mizu
0%
1 Germany mjR
0%
1 Germany mnL
0%
1 Australia MoeycQ
0%
1 Australia moku
0%
1 United Kingdom mole
0%
1 Canada montE
0%
4 Canada moose
0%
1 China MoriartyS
0%
2 Canada mosbeck
0%
6 United States motm
0%
3 Singapore moxie
0%
1 China Mr.six
0%
1 Denmark mupzG
0%
4 Spain MusambaN1
0%
1 Algeria Mvrik
0%
3 United Kingdom Mx
0%
1 Norway Mystic
0%
1 Canada n0swal
0%
1 New Zealand n1ck
0%
1 Portugal n3w
0%
1 Brazil n9xtz
0%
1 United Arab Emirates Nami
0%
1 Romania NareX
0%
1 Algeria natsu
0%
2 Argentina nbl
0%
2 Mongolia ncl
0%
2 United Kingdom nEiLZiNHo
0%
1 Romania nelboy
0%
1 North Macedonia NENO
0%
1 Denmark neon
0%
3 United States neptune
0%
2 New Zealand nettik
0%
1 Sweden NikiJ
0%
1 Argentina NikoM
0%
5 Denmark Nille
0%
1 Algeria ninis
0%
1 Singapore Niqo
0%
5 Bulgaria nkl
0%
4 Argentina Noktse
0%
1 Germany nooky
0%
1 United States no_one
0%
1 United States nosraC
0%
1 China Not7
0%
1 Algeria nOxii
0%
1 Belgium NpK_
0%
1 Malaysia Nutr1x
0%
2 Brazil nython
0%
2 Canada OCEAN
0%
2 New Zealand ofnu
0%
2 Thailand Olivia
0%
1 Japan oronai
0%
1 Mongolia Otgoo
0%
1 Norway PAINT
0%
1 Brazil pancc
0%
1 philippines Papichulo
0%
5 Sweden pauf
0%
1 Brazil pava
0%
1 Sweden pb
0%
1 Australia pecks
0%
1 Sweden Peppzor
0%
1 Denmark percy
0%
1 Brazil pesadelo
0%
1 Canada PEX
0%
1 United Kingdom PEZ
0%
1 Slovakia .PhP
0%
1 Spain Pinchos
0%
1 Portugal Pizituh
0%
1 France pm
0%
1 Bulgaria pNshr
0%
4 Denmark PnX
0%
1 Japan poem
0%
1 United Arab Emirates Pogba
0%
2 Colombia points
0%
1 United States Pollo
0%
1 France polox
0%
1 Sweden ponkus
0%
1 Tunisia Potei
0%
1 Ukraine Pr1zraK
0%
1 Chile Proxure
0%
4 Brazil prt
0%
1 Thailand PTC
0%
1 Sweden puffran
0%
2 United Kingdom Puls3
0%
1 Romania Pulsar
0%
1 Romania PusE
0%
1 Malaysia pzKiD
0%
1 China QKA
0%
5 Germany qk-Mantis
0%
2 Thailand qqGod
0%
1 Kyrgyzstan quacheR
0%
1 Sweden quikz
0%
1 Sweden quix
0%
1 Romania r0jer
0%
2 South Africa Racno
0%
3 Germany Rak
0%
1 China Rambutan
0%
5 United Kingdom RattlesnK
0%
1 Germany rAx
0%
2 New Zealand RaZ
0%
2 Brazil RCF
0%
6 Sweden rdl
0%
3 United Kingdom RE1EASE
0%
1 China Reaction
0%
1 Norway REASTEN
0%
1 United Kingdom REAZN
0%
1 United Kingdom Redsnake
0%
1 United Kingdom redSNK
0%
1 Japan Reita
0%
2 Sweden relIk
0%
5 United States Relyks
0%
1 France remakz
0%
1 Argentina Restik
0%
3 Argentina reversive
0%
4 Finland reVicer
0%
2 Portugal riis3d
0%
2 South Korea rindA
0%
1 China Rita
0%
2 India RiTz
0%
1 India RiX
0%
2 Brazil rkz
0%
4 United States roca
0%
3 Sweden roque
0%
2 Indonesia roseau
0%
1 Portugal Rub3nix
0%
5 United States ryann
0%
1 Denmark Rytter
0%
3 United States ryx
0%
1 China s550
0%
1 Algeria sabAAA
0%
3 Finland SAGGERTON
0%
3 Colombia sam_A
0%
1 Sweden samzter
0%
3 United States sancz
0%
5 Denmark SandeN
0%
1 Turkey SasuKe
0%
1 Portugal ScRm
0%
1 Finland ScurK
0%
1 United States seb
0%
2 Mexico SecretAgent
0%
1 Romania SeloK
0%
1 United States Shakezullah
0%
2 United Kingdom Sheekey
0%
1 Tunisia Sheva
0%
1 Algeria Shino
0%
1 Japan ShirleyAstre
0%
3 China shuadapai
0%
2 Brazil shz
0%
1 United States SileNt
0%
1 Norway skippii
0%
5 Norway Skurk
0%
4 United States Slemmy
0%
1 United States sLip
0%
6 Germany smn
0%
1 Czechia sneix
0%
1 Sweden snokz
0%
1 India SnrlX
0%
2 Poland sNx
0%
2 United States sobo
0%
1 Poland Sobol
0%
2 Denmark socN
0%
1 Indonesia soifong
0%
1 New Zealand soju_j
0%
3 Spain SOKER
0%
6 Switzerland SolEk
0%
1 Spain Sonia
0%
1 South Korea Sound
0%
3 Colombia spamzzy
0%
2 Mexico spaydeRRRR
0%
1 Singapore spielz
0%
7 Sweden Spitfire
0%
2 Norway spity
0%
5 Singapore splashske
0%
1 United States Spongey
0%
1 United Kingdom SPUDZ
0%
5 Bulgaria spyleadeR
0%
1 Romania starkiller
0%
1 Australia stat
0%
2 South Korea stax
0%
1 Netherlands stefan
0%
1 China Stevie
0%
1 Norway StiG
0%
2 Norway stingeR
0%
2 Thailand stk
0%
1 France Storen
0%
4 United States Storm
0%
1 Argentina Straka
0%
6 Germany strux1
0%
1 Malaysia Subbey
0%
1 Romania surushi
0%
1 Hong Kong svbb
0%
1 Russia synd
0%
1 Indonesia sys
0%
1 Sweden t3h f4rm3r
0%
1 Germany tahsiN
0%
2 Japan takej
0%
1 Romania tALAZIz
0%
1 Brazil tatazin
0%
7 china tb
0%
2 United States tck
0%
1 China Tee
0%
3 Australia Texta
0%
1 Brazil tge
0%
1 Algeria thyx
0%
3 Brazil tiburci0
0%
1 Brazil tifa
0%
1 Sweden tinka
0%
1 Chile Tio
0%
2 Australia TjP
0%
7 Belgium to1nou
0%
2 Poland TOAO
0%
1 Romania Took
0%
1 Denmark torben
0%
1 Tunisia torr
0%
1 Germany tpN
0%
1 Brazil trk
0%
2 Greece tsack
0%
2 Mongolia Tsogoo
0%
4 Australia tucks
0%
1 Hong Kong TunGY
0%
1 Finland Twista
0%
3 Canada Uber
0%
1 Netherlands ufear
0%
1 China Uki
0%
1 China UnicorN
0%
1 Russia V4D1M
0%
1 Peru VAATI
0%
2 United States valens
0%
4 United States vanity
0%
1 Canada vek
0%
1 Ireland vertiGo
0%
1 Thailand veta
0%
1 China Vgo
0%
1 Thailand viperdemon
0%
3 China Viva
0%
1 Denmark vnG
0%
1 United States Voltage
0%
1 Canada vSa
0%
1 Singapore Vulmest
0%
1 Romania w0rm1
0%
2 Kazakhstan w1nt3r
0%
1 Sweden wacky
0%
1 Thailand wannafly
0%
2 Denmark wantz
0%
6 Canada Wardell
0%
3 United States Warden
0%
1 Sweden waver
0%
5 United Kingdom weber
0%
4 Sweden wenton
0%
1 United Kingdom Whindanski
0%
1 Romania WHiTE
0%
1 Romania Wicked
0%
1 United States witmer
0%
1 philippines witz
0%
1 Denmark xanzir
0%
4 South Korea xeta
0%
1 Malaysia xevR
0%
2 China xiaosaGe
0%
9 South Korea XigN
0%
1 Denmark xlo
0%
1 Brazil xns
0%
3 France Xp3
0%
2 Norway yakin
0%
1 Sweden zAAz
0%
1 Sweden zajp
0%
2 Sweden zape
0%
1 Romania zbuffer
0%
1 Denmark zecer
0%
7 South Korea zeff
0%
6 United States Zellsis
0%
1 Australia zeph
0%
1 South Africa zerOchaNce
0%
1 Sweden zet
0%
1 New Zealand zewsy
0%
1 Sweden zneel
0%
1 Portugal zneiL
0%
1 Germany zonixx
0%
1 Argentina Zote
0%
1 Portugal zpr
0%
No matching quizzes found
Score Distribution
Percent of People with Each Score
Percentile by Number Answered
Your Score History
You have not taken this quiz since the last reset